Биоресурсный потенциал картофеля на Дальнем Востоке (Запись № 12783991)

Подробности
000 -МАРКЕР
контрольное поле 02267nam0a2200409 4500
001 - ИДЕНТИФИКАТОР ЗАПИСИ
контрольное поле RU\NLR\BIBL_A\022113171
005 - ИДЕНТИФИКАТОР ВЕРСИИ
контрольное поле 20240219123003.0
010 ## - МЕЖДУНАРОДНЫЙ СТАНДАРТНЫЙ НОМЕР КНИГИ (ISBN)
Номер (ISBN) 978-5-8044-1731-5
Тираж 200
021 ## - НОМЕР ГОСУДАРСТВЕННОЙ РЕГИСТРАЦИИ
Код страны Российская Федерация
Номер КН-П-23-076946
Номер Листа государственной регистраци КН-П-23-7775
035 ## - ДРУГИЕ СИСТЕМНЫЕ НОМЕРА
Идентификатор записи (NLR Aleph) 022113171
100 ## - ДАННЫЕ ОБЩЕЙ ОБРАБОТКИ
Данные общей обработки 20240122d2023 u y0rusy50 ca
101 0# - ЯЗЫК РЕСУРСА
Язык текста, звукозаписи и т.д. русский
102 ## - СТРАНА ПУБЛИКАЦИИ ИЛИ ПРОИЗВОДСТВА
Страна публикации Российская Федерация
105 ## - ПОЛЕ КОДИРОВАННЫХ ДАННЫХ: ТЕКСТОВЫЕ МАТЕРИАЛЫ, МОНОГРАФИЧЕСКИЕ
Кодированные данные о монографическом текстовом документе a z 010yy
181 #0 - ПОЛЕ КОДИРОВАННЫХ ДАННЫХ: ВИД СОДЕРЖАНИЯ
Код вида содержания (ISBD) i
Код характеристики содержания (ISBD) axxe
182 #0 - ПОЛЕ КОДИРОВАННЫХ ДАННЫХ: ТИП СРЕДСТВА
Код типа средства (ISBD) n - непосредственное
200 1# - ЗАГЛАВИЕ И СВЕДЕНИЯ ОБ ОТВЕТСТВЕННОСТИ
Основное заглавие Биоресурсный потенциал картофеля на Дальнем Востоке
Параллельное заглавие Potential of potatoes as a bioresource in the russian Far East
Первые сведения об ответственности И. В. Ким, А. Г. Клыков
Последующие сведения об ответственности Российская академия наук, Дальневосточное отделение Российской академии наук, ФГБНУ "ФНЦ агробиотехнологий Дальнего Востока имени А. К. Чайки"
Язык параллельного заглавия английский
203 ## - ВИД СОДЕРЖАНИЯ И ТИП СРЕДСТВА
Вид содержания Текст
Дополнительные сведения об издании визуальный
Тип средства непосредственный
210 ## - ПУБЛИКАЦИЯ, РАСПРОСТРАНЕНИЕ И ДР.
Место издания, распространения и т.д. Владивосток
Имя издателя, распространителя и т. д. Дальнаука
Дата издания, распространения и т.д. 2023
215 ## - ФИЗИЧЕСКАЯ ХАРАКТЕРИСТИКА
Специфическое обозначение материала и объем 334 с.
Другие сведения о физической характеристике цв. ил.
Размеры 25
300 ## - ОБЩИЕ ПРИМЕЧАНИЯ
Текст примечания Авт. также на англ. яз.: I. V. Kim, A. G. Klykov
300 ## - ОБЩИЕ ПРИМЕЧАНИЯ
Текст примечания На авантит.: Российская академия наук - 300 лет
320 ## - ПРИМЕЧАНИЯ О НАЛИЧИИ В ДОКУМЕНТЕ БИБЛИОГРАФИИ / УКАЗАТЕЛЯ
Текст примечания Библиогр.: с. 267-332 (934 назв.)
510 1# - ПАРАЛЛЕЛЬНОЕ ЗАГЛАВИЕ
Связь между полями z20790
Параллельное заглавие Potential of potatoes as a bioresource in the russian Far East
Язык заглавия английский
606 1# - НАИМЕНОВАНИЕ ТЕМЫ КАК ПРЕДМЕТ
Наименование темы Картофелеводство
Географический подзаголовок Дальний Восток Российской Федерации
Системный номер авторитетной/нормативной записи 2580479
Идентификатор авторитетной/нормативной записи RU\NLR\AUTH\6601736137
675 ## - УНИВЕРСАЛЬНАЯ ДЕСЯТИЧНАЯ КЛАССИФИКАЦИЯ (UDC/УДК)
Индекс 635.21:631.52(571.6)
Издание 4
686 1# - ИНДЕКСЫ ДРУГИХ КЛАССИФИКАЦИЙ
Индекс П215.1(2Р55)
700 #1 - ИМЯ ЛИЦА - ПЕРВИЧНАЯ ОТВЕТСТВЕННОСТЬ
Графика поля Кириллица
Материалы, к которым относится поле rus
Начальный элемент ввода Ким
Часть имени, кроме начального элемента ввода И. В.
Даты 1980-
Расширение инициалов личного имени Ирина Вячеславовна
Системный номер авторитетной/нормативной записи 264941
Идентификатор авторитетной/нормативной записи RU\NLR\AUTH\770264997
701 #1 - ИМЯ ЛИЦА - АЛЬТЕРНАТИВНАЯ ОТВЕТСТВЕННОСТЬ
Графика поля Кириллица
Материалы, к которым относится поле rus
Начальный элемент ввода Клыков
Часть имени, кроме начального элемента ввода А. Г.
Даты 1975-
Расширение инициалов личного имени Алексей Григорьевич
Системный номер авторитетной/нормативной записи 147624
Идентификатор авторитетной/нормативной записи RU\NLR\AUTH\770147660
790 #1 - ИМЯ ЛИЦА - АЛЬТЕРНАТИВНАЯ ФОРМА
Связь между полями z20
Графика поля Латинская
Материалы, к которым относится поле rus
Начальный элемент ввода Kim
Часть имени, кроме начального элемента ввода I. V.
Даты 1980-
Расширение инициалов личного имени Irina Vjačeslavovna
Системный номер авторитетной/нормативной записи 264936
Идентификатор авторитетной/нормативной записи RU\NLR\AUTH\770264992
790 #1 - ИМЯ ЛИЦА - АЛЬТЕРНАТИВНАЯ ФОРМА
Связь между полями z20
-- z20510
Графика поля Латинская
Материалы, к которым относится поле rus
Начальный элемент ввода Klykov
Часть имени, кроме начального элемента ввода A. G.
Даты 1975-
Расширение инициалов личного имени Aleksej Grigor'evič
Системный номер авторитетной/нормативной записи 147625
Идентификатор авторитетной/нормативной записи RU\NLR\AUTH\770147661
942 ## - ДОПОЛНИТЕЛЬНЫЕ ЭЛЕМЕНТЫ ЗАПИСИ (АБИС)
Тип экземпляра АБИС Книга
980 ## - КОЛЛЕКЦИЯ
Название коллекции Национальная библиография
Экземпляры
Тип экземпляра Дата поступления Источник поступления Библиотека постоянного хранения Библиотека текущего хранения Место хранения Шифр хранения Штрих-код Статус экземпляра
Книга 22.01.2024 Обязательный экземпляр РНБ (Московский) РНБ (Московский) Русский книжный фонд: издания с 1957 года 2024-7/293 1-4472628  
Книга 22.01.2024 Обязательный экземпляр РНБ (Московский) РНБ (Московский) Русский книжный фонд: издания с 1957 года 2024-7/293 1-4472624